Statistics for US Area Codes - Map Quiz

Click here to take the quiz!

General Stats

  • This quiz has been taken 75 times
    (67 since last reset)
  • The average score is 24 of 236

Answers on the Map

Answers color-coded by a green-red scale on the quiz's map according to % correct below.
 

Answer Stats

Answer% Correct
303 / 720 / 983
27%
305 / 786
27%
406
27%
651
27%
702 / 725
27%
808
27%
907
27%
201 / 551
20%
202 / 771
20%
208 / 986
20%
218
20%
228
20%
314 / 557
20%
320
20%
321 / 407 / 689
20%
385 / 801
20%
404 / 470 / 678 / 943
20%
419 / 567
20%
503 / 971
20%
507
20%
605
20%
612
20%
701
20%
719
20%
763
20%
775
20%
970
20%
207
13%
210 / 726
13%
212 / 332 / 646 / 917
13%
213 / 323
13%
214 / 469 / 945 / 972
13%
234 / 330
13%
239
13%
272 / 570
13%
281 / 346 / 713 / 832
13%
307
13%
308
13%
310 / 424
13%
312 / 872
13%
313
13%
316
13%
341 / 510
13%
402 / 531
13%
408 / 669
13%
415 / 628
13%
435
13%
440
13%
448 / 850
13%
470 / 678 / 770 / 943
13%
480
13%
504
13%
505
13%
509
13%
512 / 737
13%
515
13%
530
13%
561
13%
562
13%
601 / 769
13%
602
13%
603
13%
618
13%
636
13%
650
13%
656 / 813
13%
662
13%
707
13%
727
13%
747 / 818
13%
754 / 954
13%
772
13%
785
13%
805 / 820
13%
816
13%
830
13%
859
13%
863
13%
864
13%
865
13%
904
13%
906
13%
913
13%
936
13%
941
13%
949
13%
952
13%
956
13%
979
13%
203 / 475
7%
205 / 659
7%
206
7%
209 / 350
7%
215 / 267 / 445
7%
216
7%
217 / 447
7%
219
7%
220 / 740
7%
223 / 717
7%
224 / 847
7%
225
7%
229
7%
231
7%
240 / 301
7%
248 / 947
7%
251
7%
252
7%
253
7%
254
7%
256 / 938
7%
260
7%
262
7%
269
7%
270 / 364
7%
276
7%
279 / 916
7%
302
7%
304 / 681
7%
309
7%
315 / 680
7%
317 / 463
7%
318
7%
319
7%
325
7%
326 / 937
7%
331 / 630
7%
334
7%
336 / 743
7%
337
7%
339 / 781
7%
347 / 718 / 917 / 929
7%
351 / 978
7%
352
7%
360 / 564
7%
361
7%
363 / 516
7%
380 / 614
7%
386
7%
401
7%
405 / 572
7%
409
7%
410 / 443 / 667
7%
412 / 878
7%
413
7%
414
7%
417
7%
423
7%
425
7%
430 / 903
7%
432
7%
434
7%
442 / 760
7%
458 / 541
7%
464 / 708
7%
472 / 910
7%
478
7%
479
7%
484 / 610 / 835
7%
501
7%
502
7%
508 / 774
7%
513
7%
517
7%
518 / 838
7%
520
7%
534 / 715
7%
538 / 918
7%
540 / 826
7%
559
7%
563
7%
571 / 703
7%
573
7%
574
7%
575
7%
580
7%
582 / 814
7%
585
7%
586
7%
606
7%
607
7%
608
7%
609 / 640
7%
615 / 629
7%
616
7%
617 / 857
7%
619 / 858
7%
620
7%
623
7%
626
7%
631 / 934
7%
641
7%
657 / 714
7%
660
7%
661
7%
682 / 817
7%
704 / 980
7%
706 / 762
7%
712
7%
716
7%
724 / 878
7%
731
7%
732 / 848
7%
734
7%
757 / 948
7%
765
7%
773 / 872
7%
779 / 815
7%
802
7%
803 / 839
7%
804
7%
806
7%
810
7%
812 / 930
7%
828
7%
831
7%
840 / 909
7%
843 / 854
7%
845
7%
856
7%
860 / 959
7%
862 / 973
7%
870
7%
901
7%
908
7%
912
7%
914
7%
915
7%
919 / 984
7%
920
7%
925
7%
928
7%
931
7%
940
7%
951
7%
985
7%
989
7%

Score Distribution

Percentile by Number Answered

Percent of People with Each Score

Your Score History

You have not taken this quiz since the last reset